Biblioteca

Design and disorder (Registro nro. 63962)

Detalles MARC
000 -LÍDER
Campo fijo de descripción fija 02177cam a2200481 i 4500
001 - NÚMERO DE CONTROL
Campo de control 13379671
003 - IDENTIFICADOR DEL NÚMERO DE CONTROL
Campo de control CO-MdFUSB
005 - FECHA Y HORA DE LA ULTIMA TRANSACCIÓN
control field 20180622074845.0
008 - ELEMENTOS DE LONGITUD FIJA -- INFORMACIÓN GENERAL
Campo fijo de descripción fija -- Información general 031021t2002 enka f b 001 0 eng d
010 ## - NÚMERO DE CONTROL DE LA BIBLIOTECA DEL CONGRESO
Número de control LC 2003278253
020 ## - NÚMERO INTERNACIONAL NORMALIZADO PARA LIBROS
Número Internacional Normalizado del libro 0567088685 (pbk.)
040 ## - FUENTE DE CATALOGACIÓN
Agencia de catalogación original UKM
Agencia que realiza la transcripción CO-MdFUSB
Agencia que realiza la modificación CO-MdFUSB
Idioma de catalogación spa
Convenciones de la descripción rda
041 ## - CÓDIGO DE IDIOMA
Código de idioma para texto/pista de sonido o título separado eng
042 ## - AUTHENTICATION CODE
Authentication code lccopycat
082 00 - NÚMERO DE CLASIFICACIÓN DECIMAL DEWEY
Número de la edición del Dewey 24
Número de clasificación G 231.7652
Clave de autor-Numero de item D457d
245 10 - TÍTULO
Título del Material Design and disorder
Parte restante del título - Subtitulo : perspectives from science and theology
Mención de responsabilidad, etc. / editado por Niels Henrik Gregersen y Ulf Görman
264 #1 - PRODUCCIÓN, PUBLICACIÓN, DISTRIBUCIÓN, MANUFACTURA, Y COPYRIGHT
Lugar de producción, publicación, distribución, manufactura London ;
Nombre del productor, publicador, distribuidor T&T Clark,
Fecha de producción, publicación, distribución, manufactura, o copyright ℗[2002]
264 #4 - PRODUCCIÓN, PUBLICACIÓN, DISTRIBUCIÓN, MANUFACTURA, Y COPYRIGHT
Fecha de producción, publicación, distribución, manufactura, o copyright ©2002
300 ## - DESCRIPCIÓN FÍSICA
Extensión xv, 232 páginas :
Otros detalles físicos ilustraciones ;
Dimensiones 22 cm.
336 ## - TIPO DE CONTENIDO
Fuente rdacontent
Término de tipo de contenido
Código de tipo de contenido
337 ## - TIPO DE MEDIO
Fuente rdamedia
Nombre del tipo de medio
Código del tipo de medio
338 ## - TIPO DE SOPORTE
Fuente rdacarrier
Nombre del tipo de soporte
Código Tipo de soporte
490 1# - MENCIÓN DE SERIE
Mención de serie Issues in science and theology
501 ## - NOTA DE “CON”
Nota de Contenido Incluye índice (p. 225- 232)
505 ## - NOTA DE CONTENIDO
Nota de contenido con formato preestablecido Introducción, Ulf Gorman -- Cómo el caos coexiste con el orden, John D. Barrow -- Revisión Darwinista sobre el orden y el diseño, John Hedley Brooke -- Más allá del equilibrio: la teología en un mundo autoorganizado, Niels Henrik Gregersen -- Paisaje del discurso humano, John C. Puddefoot -- Ciencia y religión: ¿Más allá de la complemetaridad? Isabelle Stengers -- Sobre la finalidad en la teología de la creación: consideraciones epistemológicas y teológicas, Christoph Theobald, SJ -- El diseño en el universo y el logos de la creación: síntesis patrística y cosmología moderna, Alexei V. Nesteruk -- Desorden y las ambiciones de la ciencia y Teología: diez tesis, William B. Drees
650 #7 - ASIENTO SECUNDARIO DE MATERIA - TERMINO TEMÁTICO
Término temático o nombre geográfico como elemento de entrada Religión y ciencia
9 (RLIN) 259
650 #7 - ASIENTO SECUNDARIO DE MATERIA - TERMINO TEMÁTICO
Término temático o nombre geográfico como elemento de entrada Creacionismo
9 (RLIN) 252
700 1# - ASIENTO SECUNDARIO - NOMBRE PERSONAL
Nombre personal Gregersen, Niels Henrik,
Fechas asociadas con el nombre 1956-
700 1# - ASIENTO SECUNDARIO - NOMBRE PERSONAL
Nombre personal Görman, Ulf,
Fechas asociadas con el nombre 1943-
720 ## - ASIENTO SECUNDARIO - NOMBRE NO CONTROLADO
Nombre Barrow, John D.
720 ## - ASIENTO SECUNDARIO - NOMBRE NO CONTROLADO
Nombre Brooke, John Hedley
720 ## - ASIENTO SECUNDARIO - NOMBRE NO CONTROLADO
Nombre Drees, Willem B.
720 ## - ASIENTO SECUNDARIO - NOMBRE NO CONTROLADO
Nombre Nestruk, Alexei V.
720 ## - ASIENTO SECUNDARIO - NOMBRE NO CONTROLADO
Nombre Puddefoot, John C.
720 ## - ASIENTO SECUNDARIO - NOMBRE NO CONTROLADO
Nombre Stengers, Isabelle
720 ## - ASIENTO SECUNDARIO - NOMBRE NO CONTROLADO
Nombre Theobald, Christoph, SJ
830 #0 - PUNTO DE ACCESO ADICIONAL DE SERIE - TÍTULO UNIFORME
Título uniforme Issues in science and theology (London, England)
942 ## - TIPO DE MATERIAL (KOHA)
Tipo de Item KOHA Libros General
Existencias
Estado de Material Estado de Perdido Forma de Clasificación Estado de Dañado No para Préstamo Colección Biblioteca de Origen Biblioteca Permanente Fecha de Adquisición Total de Préstamos Signatura Topográfica Código de Barras Última vez visto Ejemplar/Existencia Fecha de Remplazo Tipo de Material
    Dewey Decimal Classification     Colección General Biblioteca FUSBC Biblioteca FUSBC 03/08/2017   G 231.7652 D457d 9957 29/08/2025 Ej. 1 03/08/2017 Libros General

Biblioteca FUSBC | Teléfono: (57+4) 349 88 10 Ext. 141| WhatsApp (+57) 3005338115 
E-mail: biblioteca@unisbc.edu.co | Calle 76 87-14 Robledo Palenque, Medellín, Colombia

Con tecnología Koha